[Event "Budapest Vezerkepzo Christmas FM"]
[Site "Budapest"]
[Date "2023.01.04"]
[Round "9"]
[White "Juracsik, Jozsef"]
[Black "Nagy, Laszlo"]
[Result "1/2-1/2"]
[WhiteElo "1929"]
[BlackElo "1844"]
[PlyCount "52"]
[EventDate "2022.12.26"]
[EventType "schev"]
[EventRounds "10"]
[EventCountry "HUN"]
[SourceTitle "CBM 212 Extra"]
[Source "ChessBase"]
[SourceDate "2023.03.31"]
[SourceVersion "1"]
[SourceVersionDate "2023.03.31"]
[SourceQuality "1"]
[WhiteTeam "Team A"]
[BlackTeam "Team B"]
[WhiteTeamCountry "HUN"]
[BlackTeamCountry "HUN"]

1. e4 e5 2. Nf3 Nc6 3. Bb5 a6 4. Ba4 Nf6 5. Qe2 b5 6. Bb3 Be7 7. c3 d6 8. 0-0 Na5 9. Bc2 c5 10. Rd1 Qc7 11. d4 0-0 12. Bg5 Bd7 13. Bxf6 Bxf6 14. dxe5 dxe5 15. Nbd2 Nc6 16. Nf1 Rad8 17. Ne3 Ne7 18. Rd2 Be6 19. b3 Rxd2 20. Qxd2 Rd8 21. Qe2 g6 22. Rd1 h6 23. h3 Rxd1+ 24. Qxd1 Qd7 25. Qxd7 Bxd7 26. Ng4 Bxg4 1/2-1/2

[Event "Budapest Vezerkepzo Christmas FM"]
[Site "Budapest"]
[Date "2022.12.27"]
[Round "2"]
[White "Nagy, Laszlo"]
[Black "Torok, Tamas Titusz"]
[Result "0-1"]
[WhiteElo "1844"]
[BlackElo "1975"]
[PlyCount "62"]
[EventDate "2022.12.26"]
[EventType "schev"]
[EventRounds "10"]
[EventCountry "HUN"]
[SourceTitle "CBM 212 Extra"]
[Source "ChessBase"]
[SourceDate "2023.03.31"]
[SourceVersion "1"]
[SourceVersionDate "2023.03.31"]
[SourceQuality "1"]
[WhiteTeam "Team B"]
[BlackTeam "Team A"]
[WhiteTeamCountry "HUN"]
[BlackTeamCountry "HUN"]

1. c4 e5 2. Nc3 Nf6 3. g3 d5 4. cxd5 Nxd5 5. Bg2 Nb6 6. Nf3 Nc6 7. 0-0 Be7 8. b3 0-0 9. Bb2 Be6 10. d3 f5 11. Rc1 a6 12. Qd2 h6 13. Rfd1 Bf6 14. e3 Qe7 15. Qc2 Rad8 16. Ne2 Qf7 17. d4 e4 18. Ne5 Bxe5 19. dxe5 Nb4 20. Qb1 Nd3 21. Rxd3 Rd7 22. Rd4 Rxd4 23. Nf4 Rd7 24. g4 g6 25. gxf5 gxf5 26. Kh1 Nd5 27. Rg1 Nxf4 28. exf4 Kh7 29. Qe1 Rg8 30. Bc1 Qh5 31. Be3 Rxg2 0-1

[Event "Budapest-chT1 Lilienthal 1718"]
[Site "Budapest"]
[Date "2018.04.15"]
[Round "13"]
[White "Nagy, Laszlo"]
[Black "Nagy, Ferenc3333"]
[Result "1/2-1/2"]
[WhiteElo "1918"]
[BlackElo "1947"]
[PlyCount "25"]
[EventDate "2017.10.01"]
[EventType "team-tourn"]
[EventRounds "13"]
[EventCountry "HUN"]
[SourceTitle "EXT 2021"]
[Source "ChessBase"]
[SourceDate "2020.10.23"]
[SourceVersion "1"]
[SourceVersionDate "2020.10.23"]
[SourceQuality "1"]
[WhiteTeam "Fabulon"]
[BlackTeam "Siraly"]
[WhiteTeamCountry "HUN"]
[BlackTeamCountry "HUN"]

1. c4 g6 2. e4 c5 3. Nf3 Bg7 4. d4 cxd4 5. Nxd4 Qb6 6. Nb3 d6 7. Nc3 Be6 8. Nd5 Bxd5 9. cxd5 Nd7 10. Be3 Qb4+ 11. Bd2 Qa4 12. Bc3 Bxc3+ 13. bxc3 1/2-1/2

[Event "Budapest-chT1 Lilienthal 1718"]
[Site "Budapest"]
[Date "2018.02.11"]
[Round "9"]
[White "Cseke, Viktoria"]
[Black "Nagy, Laszlo"]
[Result "0-1"]
[WhiteElo "1368"]
[BlackElo "1918"]
[PlyCount "81"]
[EventDate "2017.10.01"]
[EventType "team-tourn"]
[EventRounds "13"]
[EventCountry "HUN"]
[SourceTitle "EXT 2021"]
[Source "ChessBase"]
[SourceDate "2020.10.23"]
[SourceVersion "1"]
[SourceVersionDate "2020.10.23"]
[SourceQuality "1"]
[WhiteTeam "Mattolda"]
[BlackTeam "Fabulon"]
[WhiteTeamCountry "HUN"]
[BlackTeamCountry "HUN"]

1. e4 d6 2. Nf3 g6 3. Nc3 Bg7 4. Be2 e5 5. 0-0 Nc6 6. d3 f5 7. Bg5 Nf6 8. Nd5 h6 9. Nxf6+ Bxf6 10. Bxf6 Qxf6 11. Nd2 f4 12. c3 Be6 13. b4 0-0 14. Bg4 Kh7 15. Bxe6 Qxe6 16. h3 g5 17. Qb3 Qg6 18. Qd1 h5 19. f3 Rg8 20. Kf2 Qf6 21. Rh1 Rg6 22. Qe2 Rag8 23. Rag1 Nd8 24. Nb3 Nf7 25. d4 Nh6 26. Ke1 g4 27. Kd2 gxf3 28. Qxf3 Rg3 29. Qf1 Qg6 30. Rh2 Qxe4 31. Qe2 Qxe2+ 32. Kxe2 Rxc3 33. Kd2 Rcg3 34. Ke2 Nf5 35. dxe5 dxe5 36. Kf2 e4 37. Nc5 e3+ 38. Kf1 f3 39. Ne4 f2 40. Nxf2 exf2 41. Kxf2 0-1

[Event "EU Amateur-ch"]
[Site "Ruzomberok"]
[Date "2016.06.11"]
[Round "8"]
[White "Nagy, Laszlo"]
[Black "Durica, Adam"]
[Result "0-1"]
[WhiteElo "1904"]
[BlackElo "1761"]
[PlyCount "128"]
[EventDate "2016.06.06"]
[EventType "swiss"]
[EventRounds "9"]
[EventCountry "SVK"]
[SourceTitle "CBM 172 Extra"]
[Source "ChessBase"]
[SourceDate "2016.06.21"]
[SourceVersion "1"]
[SourceVersionDate "2016.06.21"]
[SourceQuality "1"]

1. d4 d6 2. Nf3 c6 3. g3 Bg4 4. Bg2 g6 5. h3 Bxf3 6. exf3 Bg7 7. f4 Nd7 8. 0-0 Qc7 9. c4 0-0-0 10. Nc3 a6 11. Be3 e5 12. Rc1 exd4 13. Bxd4 Bxd4 14. Qxd4 Ne7 15. b4 c5 16. bxc5 Nxc5 17. Rb1 Nc6 18. Qd2 Kb8 19. Rb2 Ka8 20. Rfb1 Rb8 21. Rb6 Rhc8 22. Nd5 Qd8 23. Qe3 h5 24. h4 f6 25. R6b2 Ka7 26. Nb6 Rc7 27. Na4 Na5 28. Nb6 Nc6 29. Bxc6 Rxc6 30. Nd5 f5 31. Re2 Qa5 32. Qd4 Ka8 33. f3 Qa3 34. Kg2 Nd7 35. Kh3 Qa4 36. Re7 Rxc4 37. Nb6+ Nxb6 38. Qxb6 Rc6 39. Qb2 Rc2 40. Qb3 Qc6 41. Re3 d5 42. Rd1 Rd8 43. Rd4 Rc1 44. Red3 Rh1+ 45. Kg2 Qc1 46. Rd1 Rxd1 47. Rxd1 Qc5 48. Rd2 d4 49. Qd3 Qd5 50. Kh3 Ka7 51. Kg2 b5 52. Rc2 Rd7 53. a4 b4 54. Rc4 a5 55. Qc2 Kb6 56. Rc8 d3 57. Rb8+ Rb7 58. Qf2+ Kc7 59. Rxb7+ Kxb7 60. Qe3 d2 61. Qe7+ Kc6 62. Qe8+ Qd7 63. Qa8+ Kc5 64. Qxa5+ Kc4 0-1

[Event "Budapest-chT1 Lilienthal 1516"]
[Site "Budapest"]
[Date "2015.09.27"]
[Round "2"]
[White "Nagy, Laszlo"]
[Black "Zoltan, Andras"]
[Result "0-1"]
[WhiteElo "1990"]
[BlackElo "1862"]
[PlyCount "110"]
[EventDate "2015.09.20"]
[EventType "team-tourn"]
[EventRounds "9"]
[EventCountry "HUN"]
[SourceTitle "EXT 2021"]
[Source "ChessBase"]
[SourceDate "2020.10.23"]
[SourceVersion "1"]
[SourceVersionDate "2020.10.23"]
[SourceQuality "1"]
[WhiteTeam "Fabulon"]
[BlackTeam "Penzugyor III"]
[WhiteTeamCountry "HUN"]
[BlackTeamCountry "HUN"]

1. c4 g6 2. e4 Bg7 3. d4 d6 4. Nc3 Nd7 5. Be3 Ngf6 6. f3 c6 7. Qd2 a6 8. Bd3 b5 9. Nge2 Bb7 10. b3 Qa5 11. 0-0 0-0 12. Bh6 b4 13. Nd1 Qb6 14. Bxg7 Kxg7 15. Kh1 e5 16. d5 cxd5 17. cxd5 Nc5 18. Bc2 a5 19. Ne3 Ba6 20. Rae1 Rac8 21. Nf5+ Kh8 22. Qh6 Rg8 23. Ne7 Nh5 24. Nxg8 Kxg8 25. a3 Bd3 26. Qd2 Bb5 27. f4 Bxe2 28. Qxe2 exf4 29. g4 Ng7 30. Rxf4 Nd7 31. h4 Ne5 32. Ref1 Rc3 33. Qf2 Qxf2 34. R1xf2 h5 35. g5 Ne8 36. Kg2 Nc7 37. Rd2 Kf8 38. Bd1 Ke7 39. Rc2 Rxc2+ 40. Bxc2 Nb5 41. Rf1 Nd4 42. Bd1 Nb5 43. Be2 Nc3 44. Kf2 Nxe4+ 45. Kg2 Nc3 46. Bc4 Nxc4 47. bxc4 Na2 48. c5 dxc5 49. d6+ Kxd6 50. Rxf7 b3 51. Rf6+ Ke5 52. Rxg6 b2 53. Rb6 Nb4 54. g6 b1Q 55. g7 Qe4+ 0-1

[Event "Budapest FS06 FM-A"]
[Site "Budapest"]
[Date "2015.06.12"]
[Round "6"]
[White "Nagy, Laszlo"]
[Black "Bensaid, Simon"]
[Result "0-1"]
[WhiteElo "1978"]
[BlackElo "1893"]
[PlyCount "70"]
[EventDate "2015.06.06"]
[EventType "tourn"]
[EventRounds "10"]
[EventCountry "HUN"]
[SourceTitle "CBM 166 Extra"]
[Source "ChessBase"]
[SourceDate "2015.06.18"]
[SourceVersion "1"]
[SourceVersionDate "2015.06.18"]
[SourceQuality "1"]

1. e4 c6 2. d4 d5 3. c4 dxe4 4. f3 e5 5. d5 Bc5 6. Nc3 Qb6 7. Na4 Bb4+ 8. Bd2 Qa5 9. Nc3 e3 10. Bxe3 Bxc3+ 11. bxc3 cxd5 12. cxd5 Nf6 13. Qb3 Nxd5 14. Bd2 Nb6 15. Bb5+ N6d7 16. c4 Qc7 17. Ne2 0-0 18. Rc1 Nc5 19. Qa3 Rd8 20. Rd1 Nd3+ 21. Kf1 e4 22. Be3 Nc6 23. c5 Nde5 24. Rxd8+ Qxd8 25. Kf2 exf3 26. gxf3 Qh4+ 27. Ng3 Qf6 28. Be2 Bh3 29. Rd1 Re8 30. Bc1 Ng4+ 31. Kg1 Nd4 32. Bb2 Rxe2 33. Ne4 Rg2+ 34. Kh1 Rxh2+ 35. Kg1 Ne2# 0-1

[Event "Budapest FS06 FM-A"]
[Site "Budapest"]
[Date "2015.06.06"]
[Round "1"]
[White "Bensaid, Simon"]
[Black "Nagy, Laszlo"]
[Result "1-0"]
[WhiteElo "1893"]
[BlackElo "1978"]
[PlyCount "135"]
[EventDate "2015.06.06"]
[EventType "tourn"]
[EventRounds "10"]
[EventCountry "HUN"]
[SourceTitle "CBM 166 Extra"]
[Source "ChessBase"]
[SourceDate "2015.06.18"]
[SourceVersion "1"]
[SourceVersionDate "2015.06.18"]
[SourceQuality "1"]

1. e4 d6 2. d4 g6 3. Nc3 Bg7 4. f4 Nf6 5. Nf3 c5 6. dxc5 Qa5 7. Qd4 0-0 8. Bd2 Nc6 9. Qg1 dxc5 10. e5 Ng4 11. h3 Ngxe5 12. fxe5 Nxe5 13. Nxe5 Bxe5 14. Qe3 Bd4 15. Ne2 Qb6 16. Nxd4 cxd4 17. Qb3 Qc6 18. 0-0-0 Be6 19. Qb5 Qc7 20. Kb1 a6 21. Qg5 Rfd8 22. Bf4 Qb6 23. Qxe7 Rd7 24. Qa3 Rd5 25. Bd2 Rc8 26. Bd3 Rdc5 27. Bb4 Rd5 28. Rhf1 a5 29. Bd2 Qa7 30. Rc1 b5 31. Qxa5 Qb7 32. Qb4 Rdc5 33. b3 Qd5 34. Rf4 Rc4 35. Qe7 R4c7 36. Be4 Rxe7 37. Bxd5 Bxd5 38. Rxd4 Bxg2 39. h4 Re2 40. Re1 Rxe1+ 41. Bxe1 f5 42. Kb2 Re8 43. Bd2 Re4 44. Kc3 Kf7 45. Rd7+ Re7 46. Rxe7+ Kxe7 47. Kd4 Ke6 48. Bf4 Bc6 49. Kc5 Be8 50. c4 bxc4 51. Kxc4 Bc6 52. Kd4 Bd5 53. Kc5 h5 54. Kd4 Bb7 55. b4 Bc6 56. Kc5 Kd7 57. b5 Be4 58. a4 Kc8 59. a5 Kb7 60. Kb4 Bd3 61. a6+ Kb6 62. Be3+ Kc7 63. Kc5 Kb8 64. Kb6 Be4 65. Ka5 Kc7 66. b6+ Kb8 67. Bf4+ Ka8 68. b7+ 1-0

[Event "Budapest FS05 FM-A"]
[Site "Budapest"]
[Date "2015.05.10"]
[Round "8"]
[White "Terbe, Zsuzsanna"]
[Black "Nagy, Laszlo"]
[Result "0-1"]
[WhiteElo "2123"]
[BlackElo "1938"]
[PlyCount "68"]
[EventDate "2015.05.02"]
[EventType "tourn"]
[EventRounds "9"]
[EventCountry "HUN"]
[SourceTitle "CBM 166 Extra"]
[Source "ChessBase"]
[SourceDate "2015.06.18"]
[SourceVersion "1"]
[SourceVersionDate "2015.06.18"]
[SourceQuality "1"]

1. e4 d6 2. d4 Nf6 3. Nc3 g6 4. f4 Bg7 5. Bd3 0-0 6. Nf3 c6 7. a4 Na6 8. 0-0 Nb4 9. Be2 b6 10. h3 Bb7 11. Be3 c5 12. d5 Nxe4 13. Nxe4 Nxd5 14. Bc1 Nxf4 15. Bxf4 Bxe4 16. c3 e5 17. Bg5 f6 18. Be3 d5 19. Qb3 c4 20. Qa2 Qc7 21. Rad1 Rad8 22. Rd2 Kh8 23. Rfd1 h6 24. Ne1 f5 25. Nc2 a5 26. Na3 f4 27. Nb5 Qb8 28. Bf2 f3 29. gxf3 Bxf3 30. Bxf3 Rxf3 31. Rxd5 Rdf8 32. R1d2 Qc8 33. Qb1 Qxh3 34. Qf1 Rg3+ 0-1

[Event "Budapest FS12 FM-A"]
[Site "Budapest"]
[Date "2014.12.07"]
[Round "2"]
[White "Nagy, Laszlo"]
[Black "Oberfrank, Istvan1111"]
[Result "1-0"]
[WhiteElo "1912"]
[BlackElo "1785"]
[PlyCount "93"]
[EventDate "2014.12.06"]
[EventType "tourn"]
[EventRounds "9"]
[EventCountry "HUN"]
[SourceTitle "CBM 163 Extra"]
[Source "ChessBase"]
[SourceDate "2014.12.23"]
[SourceVersion "1"]
[SourceVersionDate "2014.12.23"]
[SourceQuality "1"]

1. c4 c5 2. Nc3 e6 3. e4 Nc6 4. Nf3 a6 5. d4 cxd4 6. Nxd4 Bc5 7. Nxc6 bxc6 8. Be2 Ne7 9. 0-0 e5 10. Kh1 0-0 11. f4 d6 12. f5 f6 13. Qd3 Bd7 14. Be3 Bxe3 15. Qxe3 Be8 16. Rad1 Qc7 17. c5 d5 18. exd5 cxd5 19. Nxd5 Nxd5 20. Rxd5 Bc6 21. Rd2 Qb7 22. Bc4+ Kh8 23. Rfd1 Rab8 24. b3 a5 25. Be6 a4 26. Qh3 axb3 27. axb3 Qb4 28. Rd3 h6 29. Qe3 Qg4 30. Qg3 Qxg3 31. hxg3 Kh7 32. Rd6 Bb5 33. c6 e4 34. c7 Bd3 35. cxb8Q Rxb8 36. R1xd3 exd3 37. Rxd3 h5 38. Kh2 Kh6 39. Rd4 Rb5 40. g4 h4 41. g3 Kg5 42. gxh4+ Kxh4 43. Kg2 Rc5 44. b4 Rc2+ 45. Kf3 Kg5 46. Ke4 g6 47. Kd5 1-0

[Event "Budapest FS10 FM-A"]
[Site "Budapest"]
[Date "2014.10.08"]
[Round "5"]
[White "Nagy, Laszlo"]
[Black "Tran, Minh Thang"]
[Result "0-1"]
[WhiteElo "1868"]
[BlackElo "2053"]
[PlyCount "72"]
[EventDate "2014.10.04"]
[EventType "tourn"]
[EventRounds "9"]
[EventCountry "HUN"]
[SourceTitle "CBM 162 Extra"]
[Source "ChessBase"]
[SourceDate "2014.10.17"]
[SourceVersion "1"]
[SourceVersionDate "2014.10.17"]
[SourceQuality "1"]

1. c4 Nf6 2. Nc3 d5 3. d4 g6 4. e3 Bg7 5. Nf3 0-0 6. b3 c5 7. Bb2 Bg4 8. Be2 Nc6 9. 0-0 dxc4 10. dxc5 Ne4 11. Qc1 Nxc5 12. bxc4 Nd3 13. Bxd3 Qxd3 14. Na4 Bxf3 15. gxf3 Bxb2 16. Nxb2 Qe2 17. f4 Rad8 18. Re1 Qg4+ 19. Kh1 h5 20. Qc2 e5 21. Qe2 exf4 22. f3 Qh3 23. Rg1 fxe3 24. Qxe3 Nd4 25. Rg3 Nf5 26. Rxh3 Nxe3 27. f4 Ng4 28. Rg3 Rd2 29. Rb1 Rxh2+ 30. Kg1 Rd2 31. Nd3 Rd8 32. Rb3 b6 33. c5 bxc5 34. Nxc5 Rd1+ 35. Kg2 R8d2+ 36. Kf3 Rf1+ 0-1

[Event "Budapest FS10 FM-A"]
[Site "Budapest"]
[Date "2014.10.05"]
[Round "2"]
[White "Chekletsov, Egor"]
[Black "Nagy, Laszlo"]
[Result "0-1"]
[WhiteElo "1905"]
[BlackElo "1868"]
[PlyCount "80"]
[EventDate "2014.10.04"]
[EventType "tourn"]
[EventRounds "9"]
[EventCountry "HUN"]
[SourceTitle "CBM 162 Extra"]
[Source "ChessBase"]
[SourceDate "2014.10.17"]
[SourceVersion "1"]
[SourceVersionDate "2014.10.17"]
[SourceQuality "1"]

1. d4 Nf6 2. c4 d6 3. Nc3 g6 4. e4 Bg7 5. f3 Nc6 6. Be3 e5 7. d5 Ne7 8. Nge2 0-0 9. Qd2 Ne8 10. g4 f5 11. gxf5 gxf5 12. Bh6 f4 13. Bxg7 Nxg7 14. 0-0-0 a6 15. Kb1 Bd7 16. Nc1 b5 17. Bd3 b4 18. N3e2 a5 19. Rdg1 Qb8 20. Qe1 Kh8 21. Qh4 Rf7 22. Qg5 Qf8 23. h4 Ne8 24. h5 Rg7 25. Qh4 Qf6 26. Qh2 h6 27. Qf2 Rxg1 28. Qxg1 Ng7 29. c5 a4 30. Bc4 a3 31. b3 c6 32. Nd3 cxd5 33. exd5 Bf5 34. Nec1 e4 35. fxe4 Bxe4 36. Rh2 Ngf5 37. Qe1 Qd4 38. cxd6 Nxd6 39. Qxb4 Nxd5 40. Qd2 Nxc4 0-1